The Colombo Plan. Annual Report Colombo Plan Council

Sparad:
Bibliografiska uppgifter
Institutionell upphovsman: Colombo Plan Bureau
Materialtyp: Text
Publicerad: Colombo: Colombo Plan Bureau
Taggar: Lägg till en tagg
Inga taggar, Lägg till första taggen!

MARC

LEADER 00000 a a2200000 04500
001 24616
003
040
090 |a 169600  
110 |a Colombo Plan Bureau  
245 |a The Colombo Plan. Annual Report Colombo Plan Council  
260 |a Colombo:   |b Colombo Plan Bureau  
300 |a 94 p.   |b **no definido**  
999 |c 12347  |d 12347